01554nam a2200301 a 450000100100000000500170001000800410002704000250006808200210009324501350011426000450024930000260029450400320032050502860035259000260063865000580066465000390072265000440076170000280080570000330083370000280086670000300089470000300092491000370095495201190099195201250111099900170123500001672320200929164943.0100310s1991 dr 000 0 spa d aDO-SdBNPbspacBNPHU a368.97293bL514s00aLegislación del seguro y afines en República Dominicana /cAna María Méndez...[et al.] ; presentación J. Felipe Mendoza. aSanto Domingo :bAmigo del Hogar,c1991. axii, 296 p. ;c23 cm. aBibliografía : p. 295-2960 aPresentación -- J. Felipe Mendoza -- Introducción -- Historia del seguro y su evolución en la República Dominicana -- Base legal del seguro en la República Dominicana -- Prontuario jurídico de la legislación de seguros y afines en la República Dominicana -- Anexos. aInventariado, 2018/LP 4aSegurosxLegislaciónzRepública Dominicana937092 4aAdministración de riesgos937093 4aSupervisión estatal de seguros9370941 aQuezada, Alejandro94821 aMéndez, Ana María9370021 aGermán, Isidro9160561 aJiménez, Élida9116361 aMendoza, J. Felipe937095 aValidado. Control de calidad EMS 0010718PDaPDbPDcHDd2010-03-10iLF1l0o368.97293 L514sp16723-10r2020-06-25w2020-06-25yLFPDZNo se presta 0010718PDaPDbPDcHDd2018-07-13iLF1l0o368.97293 L514sp16723-20r2020-06-25te. 2w2020-06-25yLFPDZNo se presta c16255d16255